|
|
|
|
| LEADER |
01205nam a2200409 4500 |
| 001 |
DLU090095839 |
| 005 |
##20091201 |
| 040 |
# |
# |
|a DLU
|b eng
|
| 041 |
# |
# |
|a eng
|
| 044 |
# |
# |
|a uk
|
| 245 |
# |
# |
|a Efficient plot-based floristic assessment of tropical forests /
|c Oliver L. Phillips ... [et al.].
|
| 653 |
# |
# |
|a Amazonia
|
| 653 |
# |
# |
|a Biodiversity
|
| 653 |
# |
# |
|a Diversity
|
| 653 |
# |
# |
|a Efficiency
|
| 653 |
# |
# |
|a Neotropics
|
| 653 |
# |
# |
|a Tropical forest
|
| 700 |
# |
# |
|a Cruz, Antonio Pena.
|
| 700 |
# |
# |
|a Martinez, Rodolfo Vasquez.
|
| 700 |
# |
# |
|a Monteagudo, Abel Lorenzo.
|
| 700 |
# |
# |
|a Phillips, Oliver L.
|
| 700 |
# |
# |
|a Rose, Sam.
|
| 700 |
# |
# |
|a Sanchez, Washington Galiano.
|
| 700 |
# |
# |
|a Timana, Martin.
|
| 700 |
# |
# |
|a Vargas, Percy Nunez.
|
| 700 |
# |
# |
|a Yli-Halla, Markku.
|
| 700 |
# |
# |
|a Zans, Maria-Elena Chuspe.
|
| 773 |
# |
# |
|t Journal of Tropical Ecology
|g Vol. 19, part 6 (November 2003), p. 629-645
|
| 920 |
# |
# |
|a Phòng Tạp chí -- Trung tâm Thông tin - Thư viện Trường Đại học Đà Lạt
|
| 994 |
# |
# |
|a DLU
|
| 900 |
# |
# |
|a True
|
| 911 |
# |
# |
|a Trương Bảo Trâm Anh
|
| 925 |
# |
# |
|a G
|
| 926 |
# |
# |
|a A
|
| 927 |
# |
# |
|a BB
|
| 980 |
# |
# |
|a Thư viện Trường Đại học Đà Lạt
|